MARC details
| 000 -CABECERA |
| campo de control de longitud fija |
01178nam a2200301 a 4500 |
| 001 - NÚMERO DE CONTROL |
| campo de control |
000024577 |
| 005 - FECHA Y HORA DE LA ÚLTIMA TRANSACCIÓN |
| campo de control |
20250407133454.0 |
| 008 - DATOS DE LONGITUD FIJA--INFORMACIÓN GENERAL |
| campo de control de longitud fija |
110131s1997 xxua r 000 | spa d |
| 020 ## - NÚMERO INTERNACIONAL ESTÁNDAR DEL LIBRO |
| Número Internacional Estándar del Libro |
0821336827 |
| 040 ## - FUENTE DE LA CATALOGACIÓN |
| Centro catalogador/agencia de origen |
DO-SdBNP |
| Lengua de catalogación |
spa |
| Centro/agencia transcriptor |
BNPHU |
| 082 ## - NÚMERO DE LA CLASIFICACIÓN DECIMAL DEWEY |
| Número de clasificación |
363.61 |
| Número de documento/Ítem |
R621p |
| 049 ## - FONDOS LOCALES (OCLC) |
| Fondos de biblioteca |
BNGR |
| 100 1# - ENTRADA PRINCIPAL--NOMBRE DE PERSONA |
| Nombre de persona |
Rivera, Daniel, |
| Fechas asociadas al nombre |
1958- |
| 9 (RLIN) |
50394 |
| 245 14 - MENCIÓN DE TÍTULO |
| Título |
Participación privada en el sector de agua potable y saneamiento : |
| Resto del título |
lecciones de seis países en desarrollo / |
| Mención de responsabilidad, etc. |
Daniel Rivera; prólogo Sri-Ram Aiyer, Anthony Pellegrini. |
| 260 ## - PUBLICACIÓN, DISTRIBUCIÓN, ETC. |
| Lugar de publicación, distribución, etc. |
Washington, D.C., (Estados Unidos) : |
| Nombre del editor, distribuidor, etc. |
Banco Mundial, |
| Fecha de publicación, distribución, etc. |
1997. |
| 300 ## - DESCRIPCIÓN FÍSICA |
| Extensión |
xiii, 101 p. : |
| Otras características físicas |
il. ; |
| Dimensiones |
23 cm. |
| 490 1# - MENCIÓN DE SERIE |
| Mención de serie |
Tendencias del Desarrolo. |
| 504 ## - NOTA DE BIBLIOGRAFÍA, ETC. |
| Nota de bibliografía, etc. |
Incluye referencias bibliográficas |
| 650 #4 - PUNTO DE ACCESO ADICIONAL DE MATERIA--TÉRMINO DE MATERIA |
| Término de materia o nombre geográfico como elemento de entrada |
Calidad del agua |
| Subdivisión general |
Control |
| 9 (RLIN) |
50395 |
| 650 #0 - PUNTO DE ACCESO ADICIONAL DE MATERIA--TÉRMINO DE MATERIA |
| Término de materia o nombre geográfico como elemento de entrada |
Abastecimiento de agua |
| 9 (RLIN) |
11680 |
| 650 #4 - PUNTO DE ACCESO ADICIONAL DE MATERIA--TÉRMINO DE MATERIA |
| Término de materia o nombre geográfico como elemento de entrada |
Purificación de agua |
| 9 (RLIN) |
50396 |
| 650 #4 - PUNTO DE ACCESO ADICIONAL DE MATERIA--TÉRMINO DE MATERIA |
| Término de materia o nombre geográfico como elemento de entrada |
Conservación del agua |
| 9 (RLIN) |
46464 |
| 650 #4 - PUNTO DE ACCESO ADICIONAL DE MATERIA--TÉRMINO DE MATERIA |
| Término de materia o nombre geográfico como elemento de entrada |
Desarrollo de recursos hidrológicos |
| 9 (RLIN) |
50397 |
| 700 1# - PUNTO DE ACCESO ADICIONAL--NOMBRE DE PERSONA |
| Nombre de persona |
Sri-Ram Aiyer |
| Término indicativo de función/relación |
pról. |
| 9 (RLIN) |
50398 |
| 700 1# - PUNTO DE ACCESO ADICIONAL--NOMBRE DE PERSONA |
| Nombre de persona |
Anthony Pellegrini |
| Término indicativo de función/relación |
pról. |
| 9 (RLIN) |
50399 |
| 710 2# - PUNTO DE ACCESO ADICIONAL--NOMBRE DE ENTIDAD CORPORATIVA |
| Nombre de entidad corporativa o nombre de jurisdicción como elemento de entrada |
Banco Internacional de Reconstrucción y Fomento |
| 9 (RLIN) |
15783 |
| 830 #0 - PUNTO DE ACCESO ADICIONAL DE SERIE-TÍTULO UNIFORME |
| Título uniforme |
Nueva Consciencia |
| 9 (RLIN) |
48106 |